00301nam a2200109Ia 4500008004100000020001800041082001500059100001400074245005600088260003900144300000800183210430s9999 xx 000 0 und d a9780387755762 a620.5C966N aZheng Cui aNanofabrication Principles, CapabilitiescZheng Cui aUSAbBusiness Media LLC, USAc2008 a343